书目信息 |
| 题名: |
社会保障制度改革与发展
|
|
| 作者: | 汪泓 主编 | |
| 分册: | ||
| 出版信息: | 上海 上海交通大学出版社 2008.01 |
|
| 页数: | 285页 | |
| 开本: | 23cm | |
| 丛书名: | ||
| 单 册: | ||
| 中图分类: | D57-53 | |
| 科图分类: | ||
| 主题词: | 社会保障--she hui bao zhang--福利制度--对比研究--世界--文集 | |
| 电子资源: | ||
| ISBN: | 978-7-313-05075-5 | |
| 000 | 01305nam0 2200265 450 | |
| 001 | 012008436062 | |
| 005 | 20080513092643.73 | |
| 010 | @a978-7-313-05075-5@dCNY35.00 | |
| 100 | @a20080513d2008 em y0chiy0120 ea | |
| 101 | 0 | @achi |
| 102 | @aCN@b310000 | |
| 105 | @aack a 000yy | |
| 106 | @ar | |
| 200 | 1 | @a社会保障制度改革与发展@Ashe hui bao zhang zhi du gai ge yu fa zhan@e理论·方法·实务@f汪泓主编@Fwang hong zhu bian |
| 210 | @a上海@c上海交通大学出版社@d2008.01 | |
| 215 | @a285页@c图, 肖像@d23cm | |
| 300 | @a2004年教育部新世纪优秀人才支持项目资助 2005年国家哲学社会科学基金资助 | |
| 320 | @a有书目 | |
| 330 | @a本书是上海社会保障问题研究中心和上海市社会保障重点学科共同主办的“2007年社会保障国际学术论坛”的论文集。全书分为三篇:第一篇社会保障理论与国际比较研究;第二篇社会保障定量分析及其研究;第三篇社会保障政策与实务。 内容涉及社会保障国际比较、社会保障基金运营、社会保障管理体制、社会保险的五大项目等方面。全书结构严谨、体系完整,既有定性理论阐述,又有定量分析模型,凸显出鲜明的研究特色,具有相当的社会价值与经济价值。 | |
| 517 | 1 | @a理论·方法·实务@Ali lun·fang fa·shi wu |
| 606 | 0 | @a社会保障@Ashe hui bao zhang@x福利制度@x对比研究@y世界@j文集 |
| 690 | @aD57-53@v4 | |
| 701 | 0 | @a汪泓@Awang hong@4主编 |
| 801 | 0 | @aCN@bQSSK@c20080513 |
| 905 | @b711789-91@dD57-53@eW062@f3 | |
| 社会保障制度改革与发展:理论·方法·实务/汪泓主编.-上海:上海交通大学出版社,2008.01 |
| 285页:图, 肖像;23cm |
| 2004年教育部新世纪优秀人才支持项目资助 2005年国家哲学社会科学基金资助 |
| ISBN 978-7-313-05075-5:CNY35.00 |
| 本书是上海社会保障问题研究中心和上海市社会保障重点学科共同主办的“2007年社会保障国际学术论坛”的论文集。全书分为三篇:第一篇社会保障理论与国际比较研究;第二篇社会保障定量分析及其研究;第三篇社会保障政策与实务。 内容涉及社会保障国际比较、社会保障基金运营、社会保障管理体制、社会保险的五大项目等方面。全书结构严谨、体系完整,既有定性理论阐述,又有定量分析模型,凸显出鲜明的研究特色,具有相当的社会价值与经济价值。 |
| ● |
| 相关链接 |
|
|
|
正题名:社会保障制度改革与发展
索取号:D57-53/W062
 
预约/预借
| 序号 | 登录号 | 条形码 | 馆藏地/架位号 | 状态 | 备注 |
| 1 | 711789 | 207117895 | 社科库509/509社科库 71排5列5层/ [索取号:D57-53/W062] | 在馆 | |
| 2 | 711790 | 207117902 | 社科库509/509社科库 71排5列5层/ [索取号:D57-53/W062] | 在馆 | |
| 3 | 711791 | 207117911 | 社科库509/509社科库 71排5列5层/ [索取号:D57-53/W062] | 在馆 |